000 01293nam a22002897a 4500
001 9158
003 FISKH
005 20251126093739.0
008 251126b cb ||||| |||| 00| 0 eng d
020 _a9780194233798
040 _aFISKH
_beng
_cFISKH
_dFISKH
050 _aPE1126.A4 H67
082 _a428
100 _aHopkins, Andy
_eAuthor
245 _aAnimals in danger /
_cAndy Hopkins and Joc Potter
260 _aOxford :
_bOxford University Press ,
_c1996
300 _a56 pages :
_bcolor illustrations ;
_c20 cm
490 _aOxford Bookworms
505 _aR
520 _aPeople love and need animals. They keep them in their homes and on their farms. They enjoy going to zoos, and watching animals on films and on TV. Little children love to play with toy animals. But people are a great danger to animals too. They take their land, and cut down the trees where animals have their homes. They pollute the rivers and seas, and kill big animals for their skins or for medicine. Now there are about 7,000 species of animals in danger. What can we do to protect the animals of the world - from us?
521 8 _a770
_bLexile
521 8 _aR
_bRaz-Plus
650 _aEnglish language
_vEnvironment
650 _aPrimary
_vScience
942 _2ddc
_cBK
_n0
999 _c9158
_d9158